000 00748nam a22002057a 4500
003 BDDh-ASL
005 20231015031215.0
008 210922s2005 b ||||| |||| 00| 0 b d
040 _cBDDh-ASL
041 _abengali
082 _a954.92
_bBAN
245 1 0 _aবাংলা বাঙালি বাংলাদেশ /
246 _aBangla Bangali Bangladesh
260 _aফেনী:
_bকালান্তর গোষ্ঠী,
_c২০০৫।
300 _a৪৬৩ পৃষ্ঠা, :
_c২২ সে. মি.
650 0 _91349
_aHistory
_zBangladesh
650 0 _aBangladesher Itihas (বাংলাদেশের ইতিহাস)
_96339
700 1 _aআবেদী, জয়নাল
_97420
942 _2ddc
_cBK
999 _c30901
_d30901